Normal view
MARC view
- المسرحيات العربية مصر - القرن العشرين
Entry Topical Term
001 - CONTROL NUMBER
- control field: 13163
003 - CONTROL NUMBER IDENTIFIER
- control field: JO-AjAnu
005 - DATE AND TIME OF LATEST TRANSACTION
- control field: 20230606072415.0
008 - FIXED-LENGTH DATA ELEMENTS
- fixed length control field: 230606|| aca||aabn | a|a d
040 ## - CATALOGING SOURCE
- Original cataloging agency: JO-AjAnu
- Transcribing agency: JO-AjAnu
150 ## - HEADING--TOPICAL TERM
- Topical term or geographic name entry element: المسرحيات العربية مصر - القرن العشرين
670 ## - SOURCE DATA FOUND
- Source citation: Work cat.: (JO-AjAnu)6771: تأليف رشدي،رشاد, author 13162, مسرح رشاد رشدي: القراشة ؛ لعبة الحب